<?xml version="1.0" encoding="UTF-8"?>
<record
    xmlns:xsi="http://www.w3.org/2001/XMLSchema-instance"
    xsi:schemaLocation="http://www.loc.gov/MARC21/slim http://www.loc.gov/standards/marcxml/schema/MARC21slim.xsd"
    xmlns="http://www.loc.gov/MARC21/slim">

  <leader>00411nam a2200169Ia 4500</leader>
  <controlfield tag="008">260520s2018    xx            000 0 und d</controlfield>
  <datafield tag="020" ind1=" " ind2=" ">
    <subfield code="a">978-93-87472-13-6</subfield>
  </datafield>
  <datafield tag="041" ind1=" " ind2=" ">
    <subfield code="a">eng</subfield>
  </datafield>
  <datafield tag="082" ind1=" " ind2=" ">
    <subfield code="a">596.146/PAN</subfield>
  </datafield>
  <datafield tag="100" ind1=" " ind2=" ">
    <subfield code="a">Pandey, B N</subfield>
  </datafield>
  <datafield tag="245" ind1=" " ind2=" ">
    <subfield code="a">Biology of Chordate</subfield>
  </datafield>
  <datafield tag="250" ind1=" " ind2=" ">
    <subfield code="a">1st ed</subfield>
  </datafield>
  <datafield tag="260" ind1=" " ind2=" ">
    <subfield code="a">DELHI</subfield>
    <subfield code="b">Phi Learning PRIVATE LTD</subfield>
    <subfield code="c">2018</subfield>
  </datafield>
  <datafield tag="300" ind1=" " ind2=" ">
    <subfield code="a">610p.</subfield>
  </datafield>
  <datafield tag="500" ind1=" " ind2=" ">
    <subfield code="a">Cat No: 15018</subfield>
  </datafield>
  <datafield tag="650" ind1=" " ind2=" ">
    <subfield code="a">ZOOLOGY</subfield>
  </datafield>
  <datafield tag="999" ind1=" " ind2=" ">
    <subfield code="c">1221824</subfield>
    <subfield code="d">1221824</subfield>
  </datafield>
  <datafield tag="952" ind1=" " ind2=" ">
    <subfield code="0">0</subfield>
    <subfield code="1">0</subfield>
    <subfield code="4">0</subfield>
    <subfield code="7">0</subfield>
    <subfield code="8">C</subfield>
    <subfield code="a">PKS</subfield>
    <subfield code="b">PKS</subfield>
    <subfield code="c">2</subfield>
    <subfield code="d">2026-04-07</subfield>
    <subfield code="e">Bharati Madhyavarti Sahakari Grahak Bhandar, Pune (Best Book Supplier, Kolhapur)</subfield>
    <subfield code="g">995.00</subfield>
    <subfield code="l">0</subfield>
    <subfield code="o">596.146/PAN</subfield>
    <subfield code="p">PKS-25196</subfield>
    <subfield code="r">2026-05-20 00:00:00</subfield>
    <subfield code="w">2026-05-20</subfield>
    <subfield code="y">BK</subfield>
    <subfield code="z">General book section</subfield>
  </datafield>
</record>
